| 000 | 00376nam a2200133 a 4500 | ||
|---|---|---|---|
| 001 | 000040092 | ||
| 005 | 20201002033919.0 | ||
| 008 | 130806s1989 mx 000 0 spa d | ||
| 040 |
_aDO-SdBNP _bspa _cBNPHU |
||
| 100 | 1 |
_aTrine, R. W. _966358 |
|
| 245 | 1 | 0 |
_aEn armonia con el infinito / _cR. W. Trine. |
| 260 |
_aMéxico : _bEditorial Orión, _c1989. |
||
| 300 |
_a185 p. ; _c18 cm. |
||
| 999 |
_c39582 _d39582 |
||